000 01164nam a2200337 i 4500
003 EG-GICUC
005 20260505174131.0
008 260413s1964 fr ||||fr|||| 00| 0 fre d
040 _a EG-GICUC
_bfre
_c EG-GICUC
_d EG-GICUC
_erda
041 0 _afre
082 0 4 _221
_a343.416
_b TO . C
092 0 4 _221
099 _aLaw1 10 343.416 TO . C 2 ed - 1964
100 0 _aToulemon, André
_eAuteur
245 1 0 _aCode de la presse :
_bliberté de la presse, diffamation, droit de réponse, injure-outrage, procédure /
_cAndré Toulemon, M. Grelard, J. Patin ; préface de Marcel Rousselet.
250 _a2e édition
264 1 _aParis :
_bLibrairie Sirey,
_c1964.
300 _a382 pages ;
_c24 cm
336 _2rda content
_atext
337 _2rda media
_aComputer
338 _2rda carrier
_aOnline Resource
504 _aComprend des références bibliographiques.
546 _aTexte en français
650 1 4 _aDroit pénal international
_2qrmak
651 1 _2qrmak
700 1 _aM. Grelard
_eCo-Auteur
700 1 _aJ. Patin
_eCo-Auteur
856 4 0 _uhttps://fll.law.cu.edu.eg/fulltext/bks/B10-09027.pdf
905 _a74
942 _2ddc
_n0
_cBK
_e21
999 _c70701
_d70701